Clara y el hombre en la ventana /
Clara es una niña que vive en el campo y ayuda a su familia con las actividades cotidianas. Un día tiene que llevarle la ropa limpia a un hombre que vive encerrado. Con el paso del tiempo, Clara y el hombre comienzan a hablar a través de una ventana. En una ocasión, él le deja un libro junto al dine...
Guardado en:
| Autor Principal: | |
|---|---|
| Otros Autores: | |
| Formato: | Objeto Físico |
| Idioma: | Spanish |
| Publicado: |
Buenos Aires :
Limonero,
2023.
|
| Edición: | 1a ed. |
| Series: | Colección ESI / Dirección de Educación Sexual Integral
|
| Materias: | |
| Acceso en línea: | Clic aquí para acceder a las orientaciones pedagógicas para trabajar este material. |
| Etiquetas: |
Agregar Etiqueta
Sin Etiquetas, Sea el primero en etiquetar este registro!
|
| LEADER | 02625nrm a22003855a 4500 | ||
|---|---|---|---|
| 001 | CEM.cems024398 | ||
| 008 | 241209s2023####ag#---############vlspa#d | ||
| 005 | 20250425165702.0 | ||
| 245 | 1 | 0 | |a Clara y el hombre en la ventana / |c María Teresa Andruetto ; ilustrado por Martina Trach. |
| 250 | |a 1a ed. | ||
| 260 | |a Buenos Aires : |b Limonero, |c 2023. | ||
| 300 | |a 52 p. | ||
| 490 | 1 | |a Colección ESI / Dirección de Educación Sexual Integral | |
| 500 | |a Colección de la Dirección General de Cultura y Educación del Gobierno de la Provincia de Buenos Aires. | ||
| 520 | |a Clara es una niña que vive en el campo y ayuda a su familia con las actividades cotidianas. Un día tiene que llevarle la ropa limpia a un hombre que vive encerrado. Con el paso del tiempo, Clara y el hombre comienzan a hablar a través de una ventana. En una ocasión, él le deja un libro junto al dinero del lavado de ropa. Tras varios préstamos de libros y charlas, Clara se anima a preguntarle si siempre estuvo en la casa. El hombre le cuenta que se enamoró del jardinero, pero que no se animó a seguirlo. Gracias a la amistad con Clara, la situación cambia y el hombre vuelve a ver la luz del sol. El cuento invita a reflexionar sobre varios temas: el amor y el derecho a vivir una vida libre de prejuicios y discriminación, el valor de la amistad y el lugar de los libros y la lectura en nuestras vidas. | ||
| 020 | |a 9786319024104 | ||
| 100 | 1 | |a Andruetto, María Teresa. | |
| 700 | 1 | |a Trach, Martina; il. | |
| 653 | |a ESI | ||
| 653 | |a Educación Sexual Integral | ||
| 653 | |a Diversidad sexual | ||
| 653 | |a Salud mental | ||
| 653 | |a Literatura infantil | ||
| 653 | |a Literatura argentina | ||
| 653 | |a Libro álbum | ||
| 856 | |u https://continuemosestudiando.abc.gob.ar/contenido/clara-y-el-hombre-en-la-ventana-2/ |y Clic aquí para acceder a las orientaciones pedagógicas para trabajar este material. | ||
| 859 | |a CEMS |b BIB. CEMS - Inicial y Primaria |h A863.4 |i An29-1 |k IP |p 7000 |t Ej.1 | ||
| 859 | |a CEMS |b BIB. CEMS - Agricultura |h A863.4 |i An29 |p A3736.24 |t Ej.1 | ||
| 859 | |a CEMS |b BIB. CEMS - 11 de abril |h A863.4 |i An29-2 |p 29647.24 |t Ej.1 | ||
| 859 | |a CEMS |b BIB. CEMS - Ccias. Educacion |h A863.4 |i An29-2 |k CE |p 29646.24 |t Ej.1 | ||
| 859 | |a CEMS |b BIB. CEMS - Inicial y Primaria |h A863.4 |i An29-1 |k IP |p 7001 |t Ej.2 | ||
| 859 | |a CEMS |b BIB. CEMS - Agricultura |h A863.4 |i An29 |p A3737.24 |t Ej.2 | ||
| 859 | |a CEMS |b BIB. CEMS - 11 de abril |h A863.4 |i An29-2 |p 29648.24 |t Ej.2 | ||
| 859 | |a CEMS |b BIB. CEMS - Inicial y Primaria |h A863.4 |i An29-1 |k IP |p 7002 |t Ej.3 | ||
| 859 | |a CEMS |b BIB. CEMS - Inicial y Primaria |h A863.4 |i An29-1 |k IP |p 7003 |t Ej.4 | ||
